Music Quiz

Random Music or The Beatles Quiz

5-Star Beatles Songs Quiz Stats

Quiz Updated Nov 12, 2015

Challenge
Share
Tweet
Embed
Score 0/50 Timer 07:00
0 Plays Today
% Correct
A Day in the Life
67.9%
Lucy in the Sky with Diamonds
67.8%
With a Little Help From My Friends
67.1%
Back in the U.S.S.R
66.4%
Twist and Shout
62.6%
I Am the Walrus
62.2%
Come Together
62.1%
Helter Skelter
61.6%
Here Comes the Sun
61.1%
Happiness Is a Warm Gun
60.9%
Can't Buy Me Love
60.2%
Norwegian Wood (This Bird Has Flown)
60.2%
Blackbird
60%
I Saw Her Standing There
59.4%
The Long and Winding Road
59.3%
Across the Universe
58.7%
Anna (Go to Him)
58.6%
Carry That Weight
58.6%
Eleanor Rigby
57.9%
The Fool on the Hill
55.9%
Something
55.9%
And I Love Her
55.8%
Get Back
55.8%
She's Leaving Home
55.7%
Ticket to Ride
55%
% Correct
Do You Want to Know a Secret
54.8%
Dig a Pony
54.6%
Octopus's Garden
54.2%
Michelle
53.8%
All You Need Is Love
53.6%
Hello, Goodbye
52.7%
In My Life
52.5%
Blue Jay Way
52.5%
You've Got to Hide Your Love Away
51.9%
Here, There and Everywhere
50.9%
Within You Without You
50.5%
Martha My Dear
50.2%
You're Going to Lose That Girl
49.8%
If I Fell
49.3%
Tomorrow Never Knows
49%
One After 909
48.8%
Good Day Sunshine
48.6%
Girl
47.2%
I'm Happy Just to Dance With You
46.8%
For No One
44.7%
Another Girl
44.3%
Misery
43.9%
You Won't See Me
41.9%
I Need You
39.7%
I'll Cry Instead
38.6%

You're not logged in!

Compare scores with friends on all Sporcle quizzes.
Join for Free
OR
Log In

You Might Also Like...

Show Comments

Extras

Top Quizzes Today


Score Distribution

Your Account Isn't Verified!

In order to create a playlist on Sporcle, you need to verify the email address you used during registration. Go to your Sporcle Settings to finish the process.

Report this User

Report this user for behavior that violates our Community Guidelines.

Details: